Tilapia(oreochromus niloticus) seed production in pond and hapa, ការផលិតកូនត្រិទីឡាព្យានីឡូទីកាក្នុងស្រះ និងក្នុងហោប៉ា (Record no. 3949)
[ view plain ]
| 000 -LEADER | |
|---|---|
| fixed length control field | 00586nam a22001577a 4500 |
| 003 - CONTROL NUMBER IDENTIFIER | |
| control field | OSt |
| 005 - DATE AND TIME OF LATEST TRANSACTION | |
| control field | 20151203154040.0 |
| 008 - FIXED-LENGTH DATA ELEMENTS--GENERAL INFORMATION | |
| fixed length control field | 151203b xxu||||| |||| 00| 0 eng d |
| 040 ## - CATALOGING SOURCE | |
| Transcribing agency | RUA |
| 082 ## - DEWEY DECIMAL CLASSIFICATION NUMBER | |
| Classification number | FIS SUN 2009 B181 Or.1 |
| 100 ## - MAIN ENTRY--PERSONAL NAME | |
| 9 (RLIN) | 4233 |
| Personal name | SUN, MENGLY. |
| 245 ## - TITLE STATEMENT | |
| Title | Tilapia(oreochromus niloticus) seed production in pond and hapa, ការផលិតកូនត្រិទីឡាព្យានីឡូទីកាក្នុងស្រះ និងក្នុងហោប៉ា |
| 260 ## - PUBLICATION, DISTRIBUTION, ETC. (IMPRINT) | |
| Place of publication, distribution, etc. | Phnom Penh |
| Name of publisher, distributor, etc. | RUA |
| Date of publication, distribution, etc. | 2009 |
| 300 ## - PHYSICAL DESCRIPTION | |
| Extent | xii; 46p. |
| Other physical details | ill. |
| Dimensions | 29cm. |
| 942 ## - ADDED ENTRY ELEMENTS (KOHA) | |
| Source of classification or shelving scheme | |
| Koha item type | FIS |
| Price effective from | Date last seen | Permanent Location | Not for loan | Date acquired | Source of classification or shelving scheme | Koha item type | Lost status | Withdrawn status | Date last checked out | Total Checkouts | Shelving location | Damaged status | Barcode | Current Location | Full call number |
|---|---|---|---|---|---|---|---|---|---|---|---|---|---|---|---|
| 2015-12-03 | 2015-12-03 | Library Block B | 2015-12-03 | FIS | B181 | RUA037545 | Library Block B | FIS SUN 2009 B181 Or.1 | |||||||
| 2015-12-03 | 2015-12-03 | Library Block B | 2015-12-03 | FIS | B181 | RUA036961 | Library Block B | FIS SUN 2009 B181 Or.2 | |||||||
| 2015-12-03 | 2015-12-03 | Library Block B | 2015-12-03 | FIS | B181 | RUA037513 | Library Block B | FIS SUN 2009 B181 Or.3 | |||||||
| 2015-12-03 | 2019-03-27 | Library Block B | 2015-12-03 | FIS | 2019-03-11 | 1 | B181 | RUA037693 | Library Block B | FIS SUN 2009 B181 Or.4 | |||||
| 2015-12-03 | 2015-12-03 | Library Block B | 2015-12-03 | FIS | B181 | RUA037593 | Library Block B | FIS SUN 2009 B181 Or.5 |